[Event "Continental"]
[Site "Sao Paulo BRA"]
[Date "2009.07.29"]
[Round "6.26"]
[White "Assumpcao, Roberto"]
[Black "Prasca Sosa, Rafael"]
[Result "0-1"]
[WhiteElo "2234"]
[BlackElo "2414"]
[EventDate "2009.07.25"]
[PlyCount "122"]

1.e4 c5 2.Nc3 Nc6 3.g3 g6 4.Bg2 Bg7 5.d3 d6 6.Be3 Qd7 7.Qd2 b6 8.Nge2 Nd4 
9.a4 Nxe2 10.Qxe2 Bb7 11.O-O Nf6 12.h3 O-O 13.f4 e6 14.Bd2 d5 15.e5 Ne8 
16.g4 f5 17.g5 d4 18.Nb5 Bd5 19.b3 a6 20.Na3 Nc7 21.Nc4 Bxg2 22.Qxg2 Nd5 
23.Qf2 Rfb8 24.Rfb1 Bf8 25.Nb2 b5 26.Qe1 Qc6 27.Kh2 Rc8 28.Rc1 Rc7 29.Qh1 
Qe8 30.Kg3 h6 31.h4 hxg5 32.hxg5 Rh7 33.Qg2 Raa7 34.Rh1 Rxh1 35.Rxh1 Rh7 
36.Rxh7 Kxh7 37.axb5 axb5 38.Qh1+ Kg8 39.Qa1 Qc6 40.Nd1 Qb7 41.b4 Qc6 42.
bxc5 Bxc5 43.c3 dxc3 44.Nxc3 Nxc3 45.Bxc3 Qd5 46.d4 Bf8 47.Qa5 Qc4 48.Ba1 
Qd3+ 49.Kf2 Qc2+ 50.Kg3 Qd1 51.Kf2 Qc2+ 52.Kg3 Qe2 53.Qa8 Qg4+ 54.Kf2 
Qxf4+ 55.Ke2 Kf7 56.Qb7+ Be7 57.Qxb5 Qxg5 58.Bc3 Qg2+ 59.Kd1 Qf3+ 60.Kc2 
f4 61.Qb8 Qe2+ 0-1

[Event "Continental"]
[Site "Sao Paulo BRA"]
[Date "2009.07.29"]
[Round "6.27"]
[White "Cominato Neto, Jose Luis"]
[Black "Zambrana, Oswaldo"]
[Result "0-1"]
[WhiteElo "2184"]
[BlackElo "2473"]
[EventDate "2009.07.25"]
[PlyCount "48"]

1.e4 c5 2.c3 d5 3.exd5 Qxd5 4.d4 g6 5.Na3 Bg7 6.Nf3 cxd4 7.cxd4 Nh6 8.Bc4 
Qe4+ 9.Be3 O-O 10.O-O Nf5 11.Re1 Qc6 12.Ne5 Qf6 13.Rc1 Nd7 14.Nxd7 Bxd7 
15.Qb3 b6 16.Bd5 Rac8 17.Nc4 Nxd4 18.Bxd4 Qxd4 19.Rcd1 Qf6 20.Ne5 Be8 21.
Qa3 e6 22.Bf3 Rc5 23.Nd3 Ra5 24.Qb3 Ba4 0-1

[Event "Continental"]
[Site "Sao Paulo BRA"]
[Date "2009.07.29"]
[Round "6.28"]
[White "D`Israel, Davy Maurice"]
[Black "Dos Santos, Ramiro"]
[Result "0-1"]
[WhiteElo "2240"]
[BlackElo "2438"]
[EventDate "2009.07.25"]
[PlyCount "40"]

1.d4 Nf6 2.c4 g6 3.Nc3 d5 4.Bg5 Ne4 5.Nxe4 dxe4 6.Qd2 Bg7 7.e3 c5 8.Ne2 
O-O 9.O-O-O Nc6 10.d5 Nb4 11.Nc3 Bg4 12.Nxe4 Nxa2+ 13.Kb1 Bxd1 14.Kxa2 Qb6
15.Nc3 Bb3+ 16.Kb1 Rfe8 17.Nb5 a6 18.Na3 h6 19.Bf4 e6 20.e4 exd5 0-1

[Event "Continental"]
[Site "Sao Paulo BRA"]
[Date "2009.07.29"]
[Round "6.29"]
[White "Perez, Federico"]
[Black "Alvarez Ramirez, Miguel Angel"]
[Result "1/2-1/2"]
[WhiteElo "2435"]
[BlackElo "2236"]
[EventDate "2009.07.25"]
[PlyCount "64"]

1.e4 c5 2.Nf3 d6 3.d4 cxd4 4.Nxd4 Nf6 5.Nc3 a6 6.Bg5 e6 7.f4 Nbd7 8.Qf3 
Qc7 9.O-O-O b5 10.Bd3 Bb7 11.Rhe1 Qb6 12.Nd5 Qxd4 13.Bxf6 gxf6 14.Bxb5 Qc5
15.Nxf6+ Kd8 16.Nxd7 Qxb5 17.Nxf8 Rxf8 18.Qa3 Ke8 19.Qxd6 Qc6 20.Qd4 Qc7 
21.f5 Rc8 22.Rd2 Rd8 23.Qa4+ Qc6 24.Rxd8+ Kxd8 25.Qd4+ Kc8 26.Re3 Qc7 27.
Rc3 Bc6 28.Qc4 Kd7 29.Rd3+ Kc8 30.Rc3 Kd7 31.fxe6+ fxe6 32.Rd3+ Ke7 
1/2-1/2

[Event "Continental"]
[Site "Sao Paulo BRA"]
[Date "2009.07.29"]
[Round "6.30"]
[White "Name, Gabriel Ricardo Salim"]
[Black "Espinosa Flores, Rafael"]
[Result "0-1"]
[WhiteElo "2226"]
[BlackElo "2401"]
[EventDate "2009.07.25"]
[PlyCount "30"]

1.d4 Nf6 2.c4 e6 3.Nf3 c5 4.Nc3 cxd4 5.Nxd4 Bb4 6.Nb5 d5 7.a3 Bxc3+ 8.bxc3
a6 9.Nd4 Qc7 10.a4 O-O 11.Ba3 Rd8 12.c5 b6 13.Nb3 bxc5 14.Bxc5 Ne4 15.Qd4 
Nd7 0-1

[Event "Continental"]
[Site "Sao Paulo BRA"]
[Date "2009.07.29"]
[Round "6.31"]
[White "Fusco, Leonardo"]
[Black "Borges, Rodrigo da Silva"]
[Result "1-0"]
[WhiteElo "2401"]
[BlackElo "2221"]
[EventDate "2009.07.25"]
[PlyCount "54"]

1.e4 c5 2.Nf3 d6 3.d4 cxd4 4.Nxd4 Nf6 5.Nc3 a6 6.Bg5 e6 7.f4 Qb6 8.Qd2 
Qxb2 9.Rb1 Qa3 10.e5 dxe5 11.fxe5 Nfd7 12.Ne4 h6 13.Bh4 Qxa2 14.Rd1 Qd5 
15.Qe3 Bc5 16.Nxe6 Bb4+ 17.c3 Qxe6 18.cxb4 O-O 19.Rd6 Qxe5 20.Bc4 Qh5 21.
Qg3 g5 22.Nxg5 hxg5 23.Bxg5 Ne5 24.Rh6 Nd3+ 25.Bxd3 Re8+ 26.Kd2 Qg4 27.
Qxg4 Bxg4 1-0

[Event "Continental"]
[Site "Sao Paulo BRA"]
[Date "2009.07.29"]
[Round "6.32"]
[White "Santos, Marcus Vinicius Moreira"]
[Black "Ueti, Silvio Shigueo"]
[Result "1-0"]
[WhiteElo "2390"]
[BlackElo "2228"]
[EventDate "2009.07.25"]
[PlyCount "79"]

1.d4 Nf6 2.c4 g6 3.Nc3 Bg7 4.e4 d6 5.f3 O-O 6.Bg5 c5 7.d5 e6 8.Qd2 exd5 9.
cxd5 a6 10.a4 Nbd7 11.Nh3 Re8 12.Nf2 Qa5 13.Ra3 Rb8 14.Be2 Qc7 15.O-O b6 
16.Rc1 h5 17.Raa1 Nh7 18.Be3 Qd8 19.Rab1 a5 20.Nb5 Ndf6 21.Bf4 Bf8 22.Na7 
Bd7 23.Nc6 Bxc6 24.dxc6 Qc7 25.Bb5 Red8 26.Rd1 Ne8 27.g4 Ng7 28.Bh6 Ne6 
29.Bxf8 Nhxf8 30.gxh5 g5 31.Ng4 Nh7 32.Qd5 Rbc8 33.Qf5 Kg7 34.h6+ Kg8 35.
Nf6+ Nxf6 36.Qxf6 Kh7 37.e5 dxe5 38.Rd7 Rxd7 39.cxd7 Rf8 40.Bd3+ 1-0

[Event "Continental"]
[Site "Sao Paulo BRA"]
[Date "2009.07.29"]
[Round "6.33"]
[White "Galati, Mario Augusto"]
[Black "Cori Tello, Deysi"]
[Result "1/2-1/2"]
[WhiteElo "2206"]
[BlackElo "2390"]
[EventDate "2009.07.25"]
[PlyCount "146"]

1.d4 Nf6 2.Nf3 e6 3.e3 d5 4.Bd3 c5 5.O-O Nc6 6.b3 Bd6 7.Bb2 Qc7 8.c4 cxd4 
9.exd4 dxc4 10.bxc4 O-O 11.Nbd2 Rd8 12.Qe2 b6 13.Rac1 Bb7 14.d5 Nb4 15.Bb1
exd5 16.Bxf6 Re8 17.Qd1 gxf6 18.a3 Na6 19.cxd5 Qd7 20.Nd4 Bf4 21.Nf5 Qxd5 
22.Qg4+ Bg5 23.Nf3 Re4 24.Bxe4 Qxe4 25.Qxe4 Bxe4 26.Nxg5 Bxf5 27.Nf3 Nc5 
28.Rfd1 Be4 29.Rd6 Kg7 30.Nd2 Bf5 31.Re1 Rc8 32.Nf1 Nd3 33.Rd1 Rc3 34.Ne3 
Bg6 35.Ra1 Rb3 36.h3 Rb2 37.Ng4 a5 38.Rd1 Rb3 39.Nxf6 b5 40.Ne8+ Kf8 41.
Nc7 a4 42.Rb6 b4 43.axb4 a3 44.Rb8+ Kg7 45.Ra1 Nc1 46.Ra8 a2 47.R8xa2 Nxa2
48.Rxa2 Rxb4 49.Nd5 Rb1+ 50.Kh2 Bf5 51.Ne3 Be6 52.Rd2 Rb3 53.Rd4 Rb2 54.
Kg3 Rb3 55.h4 Rb5 56.Ra4 Kg6 57.Kf4 h5 58.Re4 Kf6 59.f3 Rb1 60.Ra4 Rh1 61.
Kg3 Re1 62.Re4 Rc1 63.Rd4 Ra1 64.Nd1 Ra8 65.Nf2 Bf5 66.Rd6+ Ke5 67.Rb6 
Rg8+ 68.Kh2 Rc8 69.Nh1 Rc4 70.Kg3 Rc8 71.Rb4 Bd3 72.Kh2 Rc3 73.Ng3 Bg6 
1/2-1/2

[Event "Continental"]
[Site "Sao Paulo BRA"]
[Date "2009.07.29"]
[Round "6.34"]
[White "Barata, Adriano Albiani"]
[Black "Orsini, Antonio"]
[Result "0-1"]
[WhiteElo "2220"]
[BlackElo "2376"]
[EventDate "2009.07.25"]
[PlyCount "64"]

1.e4 e6 2.d4 d5 3.Nc3 Nf6 4.e5 Nfd7 5.f4 c5 6.Nf3 Nc6 7.Be3 cxd4 8.Nxd4 
Bc5 9.Qd2 O-O 10.O-O-O a6 11.Qf2 Bxd4 12.Bxd4 b5 13.Be3 b4 14.Ne2 a5 15.g4
Ba6 16.Bg2 b3 17.a3 bxc2 18.Kxc2 Rb8 19.Nc3 Qc7 20.Bf1 Qb7 21.Kc1 Bxf1 22.
Rhxf1 Rfc8 23.Qc2 a4 24.Rf2 Na5 25.Bd4 Rc4 26.Kb1 Nb3 27.Rfd2 Qc6 28.Ka2 
Nxd2 29.Qxd2 Nc5 30.Bxc5 Qxc5 31.f5 d4 32.Ne4 Qd5 0-1

[Event "Continental"]
[Site "Sao Paulo BRA"]
[Date "2009.07.29"]
[Round "6.35"]
[White "Ferreira, Henrique Camara"]
[Black "Rodi, Luis Ernesto"]
[Result "0-1"]
[WhiteElo "2198"]
[BlackElo "2375"]
[EventDate "2009.07.25"]
[PlyCount "60"]

1.d4 f5 2.Nf3 d6 3.c4 Nf6 4.Nc3 g6 5.g3 Bg7 6.Bg2 O-O 7.O-O Nc6 8.d5 Ne5 
9.Nxe5 dxe5 10.Qb3 a6 11.Be3 h6 12.Rfd1 Qe8 13.Qb4 g5 14.Qc5 f4 15.Bd2 Qh5
16.f3 e4 17.Qxe7 fxg3 18.hxg3 exf3 19.exf3 Bg4 20.Rf1 Rae8 21.Qc5 Bxf3 22.
Bxf3 Ng4 23.Bxg4 Qxg4 24.Kg2 Bd4 25.Rxf8+ Rxf8 26.Qxf8+ Kxf8 27.Rf1+ Kg8 
28.b3 h5 29.Rf3 h4 30.Rd3 Bxc3 0-1

[Event "Continental"]
[Site "Sao Paulo BRA"]
[Date "2009.07.29"]
[Round "6.36"]
[White "Duarte, Leonardo"]
[Black "Terao, Rodrigo Akira"]
[Result "0-1"]
[WhiteElo "2373"]
[BlackElo "2219"]
[EventDate "2009.07.25"]
[PlyCount "94"]

1.e4 c5 2.Nf3 e6 3.d4 cxd4 4.Nxd4 a6 5.Bd3 Bc5 6.Nb3 Be7 7.Nc3 d6 8.f4 Nf6
9.Qf3 Nc6 10.Be3 Qc7 11.g4 b5 12.g5 Nd7 13.O-O-O Nc5 14.Kb1 Bb7 15.Qh3 
Nxd3 16.cxd3 g6 17.f5 gxf5 18.exf5 Ne5 19.fxe6 Bxh1 20.exf7+ Nxf7 21.Rxh1 
Qd7 22.Qg2 O-O 23.Nd5 Ne5 24.Bd4 Rae8 25.g6 Qf5 26.Nc7 Qxd3+ 27.Ka1 Qxg6 
28.Qd5+ Qf7 29.Bxe5 dxe5 30.Rg1+ Bg5 31.Qxf7+ Kxf7 32.Rxg5 Rc8 33.Nxa6 Ke6
34.a3 Rf1+ 35.Ka2 Rc2 36.Nac5+ Kf6 37.Rh5 Rff2 38.Ne4+ Kg6 39.Nxf2 Kxh5 
40.Ne4 Rxh2 41.Nc3 Kg4 42.Nxb5 h5 43.Nc3 h4 44.Nc1 h3 45.Nd3 Kf5 46.Nd1 
Rd2 47.Ne3+ Ke4 0-1

[Event "Continental"]
[Site "Sao Paulo BRA"]
[Date "2009.07.29"]
[Round "6.37"]
[White "Paiva, Pedro Henrique de"]
[Black "Della Morte, German"]
[Result "1-0"]
[WhiteElo "2195"]
[BlackElo "2372"]
[EventDate "2009.07.25"]
[PlyCount "73"]

1.e4 e5 2.Nf3 Nc6 3.Bb5 a6 4.Ba4 Nf6 5.O-O Be7 6.Re1 b5 7.Bb3 d6 8.c3 O-O 
9.a4 Na5 10.Bc2 b4 11.d4 exd4 12.cxd4 c5 13.b3 Bg4 14.Nbd2 Nc6 15.h3 Bxf3 
16.Nxf3 cxd4 17.Bb2 Nd7 18.Nxd4 Nxd4 19.Bxd4 Bf6 20.Qd2 Ne5 21.Rac1 a5 22.
Bb1 Re8 23.Be3 Qe7 24.Red1 Red8 25.Bb6 Rd7 26.f4 Ng6 27.e5 Bh4 28.Bf5 Rb7 
29.exd6 Qf6 30.Be4 Rxb6 31.Bxa8 Rb8 32.d7 Rf8 33.Rc8 Qb6+ 34.Qd4 Bd8 35.
Qxb6 Bxb6+ 36.Kf1 Bd8 37.Re1 1-0

[Event "Continental"]
[Site "Sao Paulo BRA"]
[Date "2009.07.29"]
[Round "6.38"]
[White "Almeida Junior, Benone Lopes de"]
[Black "Molina, Roberto Junio Brito"]
[Result "0-1"]
[WhiteElo "2188"]
[BlackElo "2370"]
[EventDate "2009.07.25"]
[PlyCount "106"]

1.d4 f5 2.c4 Nf6 3.Nc3 d6 4.Nf3 g6 5.g3 Bg7 6.Bg2 O-O 7.O-O Qe8 8.Re1 Qf7 
9.Bg5 Qxc4 10.Rc1 c6 11.d5 Qa6 12.dxc6 bxc6 13.Qb3+ d5 14.Bxf6 Bxf6 15.e4 
fxe4 16.Rxe4 Nd7 17.Nxd5 cxd5 18.Qxd5+ Kg7 19.Rc7 Qd6 20.Qxd6 exd6 21.Nd4 
Kh8 22.Ne6 Re8 23.Ng5 Rxe4 24.Bxe4 Rb8 25.Nf7+ Kg8 26.Nxd6 Nb6 27.Rxa7 
Bxb2 28.Nxc8 Nxc8 29.Bd5+ Kh8 30.Rc7 Ba3 31.h4 Nd6 32.h5 gxh5 33.Rc3 Rb1+ 
34.Kg2 Bb4 35.Rc2 h4 36.g4 Rd1 37.Be6 Rd4 38.Kh3 Ne4 39.Kxh4 Be7+ 40.Kh5 
Ng5 41.Rc8+ Kg7 42.Rg8+ Kf6 43.Rxg5 Kxe6 44.Rf5 Bf6 45.f4 Rd2 46.Kh6 Rh2+ 
47.Rh5 Rxa2 48.g5 Bd4 49.f5+ Kxf5 50.g6+ Kf6 51.g7 Rg2 52.Kxh7 Rxg7+ 53.
Kh8 Rd7 0-1

[Event "Continental"]
[Site "Sao Paulo BRA"]
[Date "2009.07.29"]
[Round "6.39"]
[White "Aguilar, Andres"]
[Black "Blanco, Cristobal"]
[Result "0-1"]
[WhiteElo "2191"]
[BlackElo "2361"]
[EventDate "2009.07.25"]
[PlyCount "150"]

1.e4 c5 2.Nf3 Nc6 3.d4 cxd4 4.Nxd4 Nf6 5.Nc3 e5 6.Ndb5 d6 7.Bg5 a6 8.Na3 
b5 9.Nd5 Be7 10.Bxf6 Bxf6 11.c3 O-O 12.Nc2 Rb8 13.h4 Be7 14.Nce3 Kh8 15.a3
Be6 16.g3 Qd7 17.Bd3 Bd8 18.Qe2 Ne7 19.Nxe7 Bxe7 20.O-O g6 21.h5 Bh3 22.
Rfe1 Bg5 23.Kh2 Bxe3 24.Qxe3 f5 25.exf5 Bxf5 26.Rad1 gxh5 27.Bxf5 Rxf5 28.
Re2 Rbf8 29.Rdd2 R8f6 30.Qe4 Qf7 31.Kg1 Kg7 32.Qc6 Qg6 33.Qxa6 h4 34.Qb7+ 
Rf7 35.Qg2 hxg3 36.fxg3 Rf3 37.Rf2 e4 38.Rxf3 Rxf3 39.Kh2 Qh6+ 40.Kg1 Qe3+
41.Kh2 d5 42.Re2 Qh6+ 43.Kg1 Qc1+ 44.Kh2 Rf1 45.Rd2 Rf6 46.Kh3 Qe1 47.Kh4 
Rh6+ 48.Kg4 Rg6+ 49.Kh4 Rd6 50.Re2 Qd1 51.g4 Rh6+ 52.Kg5 Qd3 53.Qf2 Rg6+ 
54.Kh4 Rf6 55.Qa7+ Kg6 56.Qd7 Qxe2 57.Qe8+ Rf7 58.Qe6+ Kg7 59.Qe5+ Kf8 60.
Qd6+ Re7 61.Qd8+ Kf7 62.Qxd5+ Re6 63.Qd7+ Kf6 64.Qd8+ Ke5 65.Qc7+ Kd5 66.
Qd7+ Rd6 67.Qb7+ Kc4 68.Qc7+ Kb3 69.Qxd6 e3 70.Kg5 Qd2 71.Qe6+ Kc2 72.Qe4+
Kc1 73.Kh6 e2+ 74.Kxh7 e1=Q 75.Qf5 Qc2 0-1

[Event "Continental"]
[Site "Sao Paulo BRA"]
[Date "2009.07.29"]
[Round "6.40"]
[White "Gomez, Gustavo Pizzocaro"]
[Black "Oliveira, Silvio Eduardo"]
[Result "0-1"]
[WhiteElo "2173"]
[BlackElo "2357"]
[EventDate "2009.07.25"]
[PlyCount "100"]

1.d4 e6 2.c4 Nf6 3.Nf3 c5 4.e3 d5 5.Nc3 cxd4 6.exd4 Bb4 7.a3 Bxc3+ 8.bxc3 
dxc4 9.Ne5 O-O 10.Bxc4 Nbd7 11.Nxd7 Bxd7 12.Qe2 Qc7 13.Bd2 Rac8 14.Ba2 Bc6
15.f3 Bd5 16.O-O Bxa2 17.Rxa2 Qc4 18.Qxc4 Rxc4 19.Rb1 b6 20.Rb4 Rfc8 21.
Rxc4 Rxc4 22.a4 Nd5 23.Ra3 Ne7 24.Kf1 Nc6 25.Ke2 Na5 26.Kd3 Kf8 27.Ra2 Ke7
28.Bf4 Kd7 29.g4 Kc6 30.h4 Kd5 31.h5 a6 32.Be3 Rc6 33.f4 Nc4 34.Bc1 f6 35.
h6 g6 36.Re2 Rc7 37.f5 gxf5 38.gxf5 e5 39.Rg2 e4+ 40.Kc2 Nd6 41.Rg7 Rc8 
42.Rd7 Kc6 43.Rxh7 Nxf5 44.Bf4 Kd5 45.Kb3 e3 46.Rb7 Ke4 47.Bxe3 Nxe3 48.
Rxb6 Nd5 49.Rxa6 Rxc3+ 50.Kb2 Rh3 0-1

[Event "Continental"]
[Site "Sao Paulo BRA"]
[Date "2009.07.29"]
[Round "6.41"]
[White "Castano Duvan, Martin"]
[Black "Moreno, William"]
[Result "1-0"]
[WhiteElo "2337"]
[BlackElo "2191"]
[EventDate "2009.07.25"]
[PlyCount "65"]

1.e4 c5 2.Nc3 g6 3.f4 Bg7 4.Nf3 Nc6 5.Bb5 Nd4 6.O-O a6 7.Bc4 b5 8.Bd5 Rb8 
9.d3 e6 10.Bb3 d6 11.Nxd4 cxd4 12.Ne2 Ne7 13.Qe1 O-O 14.Bd2 Kh8 15.Qf2 Nc6
16.a4 f5 17.exf5 gxf5 18.axb5 axb5 19.Ng3 Qe8 20.Rfe1 Qg6 21.Qf3 Bd7 22.
Bxe6 Bxe6 23.Qxc6 Bg8 24.Bb4 Rfd8 25.Ra7 Bh6 26.Qf3 Rdc8 27.Qf2 Bg7 28.
Bxd6 Qxd6 29.Rxg7 Re8 30.Rxe8 Rxe8 31.Nxf5 Qb4 32.h3 Qxb2 33.Qg3 1-0

[Event "Continental"]
[Site "Sao Paulo BRA"]
[Date "2009.07.29"]
[Round "6.42"]
[White "Araujo, Jose Roberto"]
[Black "Macias Murillo, Bryan"]
[Result "0-1"]
[WhiteElo "2142"]
[BlackElo "2335"]
[EventDate "2009.07.25"]
[PlyCount "68"]

1.d4 Nf6 2.c4 c5 3.d5 b5 4.cxb5 a6 5.bxa6 Bxa6 6.Nc3 d6 7.g3 g6 8.Bg2 Bg7 
9.Nh3 O-O 10.O-O Nbd7 11.Rb1 Qa5 12.Qc2 Rfb8 13.Bd2 c4 14.Ng5 Ne5 15.h3 
Bc8 16.f4 Ned7 17.e4 Nc5 18.e5 Bf5 19.Nce4 Qb6 20.Be3 Nxd5 21.Bxc5 dxc5 
22.Qxc4 e6 23.Rfe1 Qa5 24.a3 h6 25.g4 Bxe4 26.Nxe4 Rxb2 27.Qxc5 Nxf4 28.
Qxa5 Rxg2+ 29.Kh1 Rxa5 30.Rb8+ Kh7 31.Rf1 Bxe5 32.Rxf4 Rh2+ 33.Kg1 Bxf4 
34.Rb7 Kg7 0-1

[Event "Continental"]
[Site "Sao Paulo BRA"]
[Date "2009.07.29"]
[Round "6.43"]
[White "Restuccia, Francisco"]
[Black "Livshits, Ron"]
[Result "1-0"]
[WhiteElo "2136"]
[BlackElo "2332"]
[EventDate "2009.07.25"]
[PlyCount "57"]

1.e4 c5 2.Nf3 d6 3.d4 cxd4 4.Nxd4 Nf6 5.Nc3 a6 6.Bg5 e6 7.f4 Qc7 8.f5 Be7 
9.Qd3 Nc6 10.fxe6 fxe6 11.O-O-O Nxd4 12.Qxd4 b5 13.Bxf6 gxf6 14.Be2 O-O 
15.Nd5 exd5 16.Qxd5+ Kg7 17.Qxa8 Bg4 18.Qxf8+ Bxf8 19.Bxg4 d5 20.Rhf1 Qc4 
21.Kb1 dxe4 22.Rd7+ Kg6 23.Bf5+ Kg5 24.h4+ Kxh4 25.Re1 e3 26.Bd3 Qf4 27.
Rxh7+ Kg5 28.Rh8 Qf2 29.Rg8+ 1-0

[Event "Continental"]
[Site "Sao Paulo BRA"]
[Date "2009.07.29"]
[Round "6.44"]
[White "Quinones Paucar, Cesar"]
[Black "Dias, Anderson Tatsch"]
[Result "1-0"]
[WhiteElo "2318"]
[BlackElo "2199"]
[EventDate "2009.07.25"]
[PlyCount "137"]

1.e4 c5 2.Nf3 e6 3.d3 b6 4.g3 Bb7 5.Bg2 d6 6.O-O Nd7 7.c3 Qc7 8.Re1 Ngf6 
9.a4 a6 10.Nbd2 Rc8 11.Nc4 Be7 12.Bf4 e5 13.Bg5 h6 14.Bd2 O-O 15.Nh4 Rfe8 
16.Ne3 b5 17.Nhf5 Bf8 18.axb5 axb5 19.Qb3 Qb6 20.Bh3 Ra8 21.Nd5 Nxd5 22.
exd5 Nf6 23.Bg2 Rxa1 24.Rxa1 Ra8 25.Rxa8 Bxa8 26.Ne3 Bb7 27.Nc4 Qa6 28.Na3
Qa8 29.Qxb5 Bxd5 30.Bf1 Bc6 31.Qb3 d5 32.Qb6 d4 33.Nc4 dxc3 34.bxc3 Nd7 
35.Qc7 f6 36.Na5 Ba4 37.Bh3 Qb8 38.Be6+ Kh7 39.Qxb8 Nxb8 40.Be3 Bc2 41.Bc4
Nd7 42.Nb7 Ba4 43.Kf1 Kg6 44.Be6 f5 45.Bxd7 Bxd7 46.Bxc5 Bc8 47.Bxf8 Bxb7 
48.Ke2 Kf7 49.Bd6 Ke6 50.Bc7 g5 51.f4 exf4 52.gxf4 g4 53.Bd8 Bg2 54.Ke3 
Bf1 55.Kd4 Kd6 56.c4 h5 57.Kc3 Kd7 58.Bh4 Kc6 59.d4 Kd6 60.d5 Kd7 61.c5 
Be2 62.Kd4 Bf3 63.Ke5 Be4 64.Be1 Bg2 65.Kd4 Kc7 66.c6 Kb6 67.Bh4 Bf1 68.
Bd8+ Ka7 69.Kc5 1-0

[Event "Continental"]
[Site "Sao Paulo BRA"]
[Date "2009.07.29"]
[Round "6.45"]
[White "Jukemura, Leandro"]
[Black "Romero Pino, Claudio"]
[Result "1/2-1/2"]
[WhiteElo "2123"]
[BlackElo "2299"]
[EventDate "2009.07.25"]
[PlyCount "87"]

1.e4 c5 2.Nf3 d6 3.d4 cxd4 4.Qxd4 Bd7 5.Bg5 Nc6 6.Qd2 h6 7.Be3 Nf6 8.Nc3 
a6 9.O-O-O e6 10.Bf4 e5 11.Bg3 Be6 12.Kb1 Be7 13.Ne1 b5 14.f3 O-O 15.Nd5 
Bxd5 16.exd5 Nb8 17.Bf2 Nbd7 18.g4 e4 19.g5 hxg5 20.Qxg5 Ne5 21.Qf5 g6 22.
Rg1 exf3 23.Nxf3 Nxf3 24.Qxf3 Nd7 25.Qh5 Bf6 26.Bd3 Bg7 27.Bd4 Ne5 28.Bxe5
dxe5 29.Qf3 Qf6 30.Qxf6 Bxf6 31.Be4 Rad8 32.d6 Bg7 33.Bb7 Rd7 34.Bc6 Rdd8 
35.d7 Kh7 36.Rd6 b4 37.Bd5 a5 38.h4 f5 39.a3 Rf6 40.Rxf6 Bxf6 41.Bf7 Rxd7 
42.Bxg6+ Kh6 43.Bxf5 Rg7 44.Rxg7 1/2-1/2

[Event "Continental"]
[Site "Sao Paulo BRA"]
[Date "2009.07.29"]
[Round "6.46"]
[White "Gonzalez, Bolivar Ribeiro"]
[Black "Salazar, Carlos"]
[Result "1/2-1/2"]
[WhiteElo "2292"]
[BlackElo "2189"]
[EventDate "2009.07.25"]
[PlyCount "58"]

1.e4 c5 2.Nf3 e6 3.d4 cxd4 4.Nxd4 a6 5.c4 Nf6 6.Nc3 Qc7 7.Nc2 b6 8.f4 d6 
9.Bd3 Nbd7 10.O-O Bb7 11.Qe2 Nc5 12.Bd2 Be7 13.Rae1 Nxd3 14.Qxd3 O-O 15.f5
d5 16.cxd5 exd5 17.e5 Ne4 18.Nxe4 dxe4 19.Qc3 Bc5+ 20.Kh1 Rfd8 21.Re3 Rxd2
22.Qxd2 Bxe3 23.Nxe3 Qxe5 24.f6 Re8 25.fxg7 Bc8 26.Re1 Qxg7 27.Qd6 Qg6 28.
Qc7 Be6 29.Qxb6 Bxa2 1/2-1/2

[Event "Continental"]
[Site "Sao Paulo BRA"]
[Date "2009.07.29"]
[Round "6.47"]
[White "Schuett, Ricardo de Amorim"]
[Black "Guimaraes, Wagner Peixoto"]
[Result "0-1"]
[WhiteElo "2123"]
[BlackElo "2291"]
[EventDate "2009.07.25"]
[PlyCount "30"]

1.e4 c6 2.Nc3 d5 3.Nf3 Bg4 4.h3 Bh5 5.d3 e6 6.Be2 Nf6 7.O-O Be7 8.Ne5 Bg6 
9.Re1 Bb4 10.Nxg6 hxg6 11.exd5 cxd5 12.a3 Be7 13.Bf3 Nc6 14.d4 Qb6 15.Ne2 
O-O 0-1

[Event "Continental"]
[Site "Sao Paulo BRA"]
[Date "2009.07.29"]
[Round "6.48"]
[White "Supi, Luis Paulo"]
[Black "Barbosa, Evandro Amorim"]
[Result "1/2-1/2"]
[WhiteElo "2015"]
[BlackElo "2279"]
[EventDate "2009.07.25"]
[PlyCount "45"]

1.e4 c5 2.Nf3 Nc6 3.d4 cxd4 4.Nxd4 e6 5.Nc3 Qc7 6.Be2 a6 7.O-O Nf6 8.Be3 
Bb4 9.Na4 Be7 10.Nxc6 bxc6 11.Nb6 Rb8 12.Nxc8 Qxc8 13.e5 Nd5 14.Bd4 c5 15.
c4 cxd4 16.cxd5 Qc5 17.dxe6 dxe6 18.Re1 Rxb2 19.Rc1 Qb6 20.Rc8+ Bd8 21.Bd3
g6 22.Qg4 Rf8 23.Bxg6 1/2-1/2

[Event "Continental"]
[Site "Sao Paulo BRA"]
[Date "2009.07.29"]
[Round "6.49"]
[White "Chemin, Justo Reinaldo"]
[Black "Shumyatsky, Victor"]
[Result "0-1"]
[WhiteElo "2278"]
[BlackElo "2175"]
[EventDate "2009.07.25"]
[PlyCount "92"]

1.d4 Nf6 2.Nf3 c5 3.e3 d5 4.c4 e6 5.Nc3 Nc6 6.Bd3 a6 7.O-O Be7 8.a3 O-O 9.
Re1 dxc4 10.Bxc4 b5 11.Ba2 Bb7 12.dxc5 Bxc5 13.b4 Bd6 14.Bb2 Ne5 15.Nxe5 
Bxe5 16.Qxd8 Rfxd8 17.f4 Bxc3 18.Bxc3 Rd3 19.Bxf6 gxf6 20.e4 Rxa3 21.f5 a5
22.bxa5 R3xa5 23.fxe6 Rxa2 24.Rxa2 Rxa2 25.e7 Ra8 26.Rd1 Re8 27.Rd8 Bc6 
28.Rd6 Bxe4 29.Rd8 Bc6 30.Rd6 Rxe7 31.Rxc6 Rb7 32.Rxf6 b4 33.Rf2 b3 34.Rb2
Kg7 35.Kf2 Kf6 36.Ke3 Ke5 37.Kd3 Kf4 38.Kd4 h5 39.Rf2+ Kg4 40.Rb2 f5 41.
Ke3 f4+ 42.Kf2 Kf5 43.Kf3 Ke5 44.Ke2 Kd4 45.Kd2 Kc4 46.Kc1 Ra7 0-1

[Event "Continental"]
[Site "Sao Paulo BRA"]
[Date "2009.07.29"]
[Round "6.50"]
[White "Oliveira, Jefferson dos Santos"]
[Black "Leal, Paulo Tarcisio Garcia"]
[Result "1-0"]
[WhiteElo "2274"]
[BlackElo "2172"]
[EventDate "2009.07.25"]
[PlyCount "89"]

1.e4 d6 2.d4 Nf6 3.Nc3 g6 4.f3 c6 5.Be3 Nbd7 6.Qd2 b5 7.Nge2 Nb6 8.Ng3 Qc7
9.Bh6 Bxh6 10.Qxh6 Bb7 11.Bd3 a6 12.O-O c5 13.d5 O-O-O 14.a4 b4 15.Nd1 a5 
16.b3 Kb8 17.c3 Rdg8 18.cxb4 cxb4 19.Rc1 Qd8 20.Qe3 Nbd7 21.Ne2 Qb6 22.Nd4
Rc8 23.Bc4 Ka8 24.Kh1 Ne5 25.Nb2 g5 26.Rfd1 h6 27.Qe2 Rc5 28.Nf5 Qc7 29.
Qe3 Bc8 30.Nd4 Bb7 31.Bb5 Rc8 32.Nc4 Nxc4 33.bxc4 Qb6 34.Qg1 g4 35.Nb3 
gxf3 36.gxf3 Rg8 37.Qd4 e5 38.dxe6 Nxe4 39.exf7 Ng3+ 40.hxg3 Bxf3+ 41.Kg1 
Rxg3+ 42.Kf2 Rg2+ 43.Kxf3 Qb7+ 44.Qd5 Rxd5 45.f8=Q+ 1-0

[Event "Continental"]
[Site "Sao Paulo BRA"]
[Date "2009.07.29"]
[Round "6.51"]
[White "Brandao, Renan Alves"]
[Black "Espinoza Palomino, Willyam"]
[Result "0-1"]
[WhiteElo "1995"]
[BlackElo "2272"]
[EventDate "2009.07.25"]
[PlyCount "74"]

1.e4 e5 2.Nf3 Nc6 3.Bb5 a6 4.Ba4 Nf6 5.O-O Be7 6.Re1 b5 7.Bb3 d6 8.c3 O-O 
9.h3 Na5 10.Bc2 c5 11.d4 Qc7 12.b4 cxb4 13.cxb4 Nc4 14.Nbd2 Bb7 15.d5 Rac8
16.Bd3 Nd7 17.Nxc4 bxc4 18.Bc2 Rb8 19.Re3 Ba8 20.Bd2 f5 21.Bc3 Nf6 22.Ng5 
Nxd5 23.Ne6 Nxe3 24.Nxc7 Nxd1 25.Rxd1 Bxe4 26.Bxe4 fxe4 27.Nxa6 Ra8 28.b5 
Rxa6 29.bxa6 Ra8 30.a4 Rxa6 31.a5 Kf7 32.Rb1 Ke6 33.Rb6 Rxb6 34.axb6 Kd7 
35.Kf1 Kc6 36.Ba5 d5 37.Ke2 Bc5 0-1

[Event "Continental"]
[Site "Sao Paulo BRA"]
[Date "2009.07.29"]
[Round "6.52"]
[White "Bueno Junior, Alfeu Varela"]
[Black "Bispo, Leonardo"]
[Result "1-0"]
[WhiteElo "2262"]
[BlackElo "2129"]
[EventDate "2009.07.25"]
[PlyCount "95"]

1.e4 e5 2.f4 d5 3.exd5 exf4 4.Bc4 Qh4+ 5.Kf1 Bd6 6.Nc3 Ne7 7.Ne4 O-O 8.d4 
Nf5 9.Nf3 Qh5 10.Nxd6 Nxd6 11.Bb3 g5 12.Kg1 Bg4 13.h4 Ne4 14.Rh2 Ng3 15.
hxg5 Bxf3 16.gxf3 Qxg5 17.Kf2 Re8 18.Rg2 Kh8 19.Bxf4 Ne4+ 20.fxe4 Qxf4+ 
21.Qf3 Rxe4 22.Qxf4 Rxf4+ 23.Ke3 Rf6 24.Rh1 h6 25.c4 Nd7 26.Bc2 Rg8 27.
Rhg1 Rxg2 28.Rxg2 Nf8 29.Be4 Ng6 30.d6 Rxd6 31.Bxb7 c6 32.d5 c5 33.b4 Rb6 
34.bxc5 Rxb7 35.c6 Rc7 36.c5 Ne5 37.Kd4 Nxc6+ 38.dxc6 Rxc6 39.Kd5 Rc8 40.
c6 Kh7 41.Kd6 f5 42.Kd7 Rf8 43.c7 Rf7+ 44.Kd8 h5 45.c8=Q Rf8+ 46.Kc7 Rxc8+
47.Kxc8 Kh6 48.Kd7 1-0

[Event "Continental"]
[Site "Sao Paulo BRA"]
[Date "2009.07.29"]
[Round "6.55"]
[White "Borda, Alan"]
[Black "Feliciano, Vanessa"]
[Result "0-1"]
[WhiteElo "2255"]
[BlackElo "2112"]
[EventDate "2009.07.25"]
[PlyCount "58"]

1.e4 c5 2.c3 Nf6 3.e5 Nd5 4.g3 Nc6 5.Bg2 Qc7 6.f4 e6 7.Nf3 Be7 8.O-O a6 9.
d4 d6 10.Kh1 cxd4 11.exd6 Bxd6 12.Nxd4 Nxd4 13.Qxd4 O-O 14.f5 Be5 15.Qh4 
Ne7 16.fxe6 Bxe6 17.Nd2 Rad8 18.Nf3 Nf5 19.Qa4 Bc4 20.Re1 b5 21.Qc2 Bd3 
22.Qb3 Bd6 23.Nd4 Bxg3 24.hxg3 Qxg3 25.Bd2 Nh4 26.Bc6 Qh3+ 27.Kg1 Rd6 28.
Re5 Qg3+ 29.Kh1 Rxc6 0-1